Selected issues in livestock industry development (Record no. 347217)

MARC details
000 -LEADER
fixed length control field 004100000a22001690004500
020 ## - INTERNATIONAL STANDARD BOOK NUMBER
International Standard Book Number 08213
060 ## - NATIONAL LIBRARY OF MEDICINE CALL NUMBER
Classification number 100
082 ## - DEWEY DECIMAL CLASSIFICATION NUMBER
Classification number 338.176 CUN
100 ## - MAIN ENTRY--PERSONAL NAME
Personal name Cunningham
245 ## - TITLE STATEMENT
Title Selected issues in livestock industry development
260 ## - PUBLICATION, DISTRIBUTION, ETC. (IMPRINT)
Place of publication, distribution, etc. Washington D C, The world bank
260 ## - PUBLICATION, DISTRIBUTION, ETC. (IMPRINT)
Date of publication, distribution, etc. 1992
300 ## - PHYSICAL DESCRIPTION
Extent 111
490 ## - SERIES STATEMENT
Series statement EDI Technical materials
650 ## - SUBJECT ADDED ENTRY--TOPICAL TERM
Topical term or geographic name as entry element Livestock/ animal industry
942 ## - ADDED ENTRY ELEMENTS (KOHA)
Koha item type Books (General)
Holdings
Withdrawn status Lost status Damaged status Not for loan Home library Current library Date acquired Total Checkouts Full call number Barcode Date last seen Price effective from Koha item type
        College of Agriculture, Vellayani College of Agriculture, Vellayani 02/05/2014   338.176 CUN KAU_COAV-22953 02/05/2014 02/05/2014 Books (General)
Kerala Agricultural University Central Library
Thrissur-(Dt.), Kerala Pin:- 680656, India
Ph : (+91)(487) 2372219
E-mail: librarian@kau.in
Website: http://library.kau.in/